000 00481cam a2200193ua 4500
001 9142
008 160811n ii |||gr||||Z||||||asm
040 _cMAIN
041 _aasm
082 _a330.954
100 _aGoswami, J. Ch.,
_eEditor.
245 _aBharatiya arthanoitik unnayan
_cEdited by J. Ch. Goswami
250 _a1st.
260 _aGuwahati:
_bAssam,
_c2010.
300 _a232p.
653 _aEconomics
653 _aHigher secondary economics 1st year
942 _cBK
999 _c8214
_d8214